Online Catalogue and eLibrary

Cilappatikaram (Record no. 3373)

MARC details
000 -LEADER
fixed length control field 00461nam a2200157Ia 4500
005 - DATE AND TIME OF LATEST TRANSACTION
control field 20241125043937.0
008 - FIXED-LENGTH DATA ELEMENTS--GENERAL INFORMATION
fixed length control field 240331s9999 xx 000 0 und d
020 ## - INTERNATIONAL STANDARD BOOK NUMBER
ISBN 8170901308
082 ## - DDC Classification
Item Number - Author Mark IIA
Class No. 894
245 #0 - TITLE STATEMENT
Title Cilappatikaram
260 ## - PUBLICATION, DISTRIBUTION, ETC.
Place of publication, distribution, etc. Thanjavur
Name of publisher, distributor, etc. Tamil University press
Date of publication, distribution, etc. 1989
300 ## - PHYSICAL DESCRIPTION
Extent (e.g. Volumes, Pages etc.) vii, 150 p .,
500 ## - GENERAL NOTE
General note Cilappatikaram composed by Ilanko is a world classic, Considered purely as literature.
700 ## - ADDED ENTRY--PERSONAL NAME
Personal name Dr.R.S.Pillai
Relator term (Role) Editor
942 ## - Koha item type (Biblio)
Koha item type Books in Stacks (Lending)
Holdings
Lost status Damaged status Collection code Home library Current library Shelving location Date acquired Full call number Accession Number Item type
    Lending WERC Library WERC Library Social Science Cupboard 03/31/2024 894.811 IIA 1574 Books in Stacks (Lending)

© WERC Library